MARC

LEADER 00000nas a2200000 a 4500
001 ssj0059457
003 WaSeSS
005 20200512172242.0
006 m d
007 cr n
008 930224c19919999sp fr p s 0 0spa c
010 |a  98655507   |z sn 93030389  
016 7 |a 007159182  |2 Uk 
022 |l 0210-0746  |y 1131-9062 
035 |a (WaSeSS)ssj0059457 
040 |a HLS  |b eng  |c HLS  |d HUL  |d WAU  |d DLC  |d SYS  |d WAU  |d OCL  |d NYP  |d NLGGC  |d OCLCQ  |d UKMGB  |d OCLCQ  |d OCLCF  |d CUS  |d L2U  |d WaSeSS 
042 |a pcc 
050 0 0 |a PA2009  |b .C83 
082 0 0 |a 870.9/0005  |2 21 
210 1 0 |a Cuad. Filol. Clás. Estudios latinos 
222 0 |a Cuadernos de filología clásica. Estudios latinos 
245 0 0 |a Cuadernos de filología clásica.  |p Estudios latinos  |h [electronic resource] /  |c Facultad de Filología, Departamento de Filología Latina, Universidad Complutense de Madrid. 
246 1 5 |a CFC-ELat 
246 3 0 |a Estudios latinos 
260 |a Madrid :  |b Editorial Complutense,  |c 1991- 
310 |a Semiannual 
362 0 |a N.s., 1- 
500 |a Published by: Servicio de Publicaciones, Universidad Complutense, <n.s. 11-> 
506 |a License restrictions may limit access. 
515 |a Issues for 1991-2001 called N.s., 1-21; issues for 2002- called vol. 22. núm. 1- 
525 |a Has special issues. 
588 |a Latest issue consulted: Vol. 22, núm. 2. 
650 0 |a Latin philology  |v Periodicals. 
650 7 |a 18.45 Latin language.  |0 (NL-LeOCL)077612221  |2 bcl 
650 7 |a 18.46 ancient Latin literature.  |0 (NL-LeOCL)07761223X  |2 bcl 
650 7 |a Latin philology.  |2 fast  |0 (OCoLC)fst00993364 
650 1 7 |a Latijn.  |2 gtt 
655 0 |a Electronic journals. 
710 2 |a Universidad Complutense de Madrid.  |b Departamento de Filología Latina. 
780 0 1 |t Cuadernos de filología clásica  |x 0210-0746  |w (DLC) 72625436  |w (OCoLC)3672097 
850 |a DLC  |a MH  |a WaU 
853 0 0 |8 1  |a n.s.  |i (year) 
853 0 0 |8 2  |a no.  |i (year) 
856 4 0 |z Full text available from Research Library: 01/01/2006 to 1 year ago  |u https://search.proquest.com/publication/54572 
856 4 0 |z Full text available from PRISMA Database with HAPI Index: 01/01/2006 to 01/31/2016  |u https://search.proquest.com/publication/85338 
863 4 0 |8 1  |a <1>-  |i <1991>-  |x provisional 
863 4 0 |8 2  |a <13>-  |i <1998>  |x provisional